Logos de Marques de Bière - Statistiques

Statistiques générales
  • Ce quiz a été pris 1 555 fois
  • Le résultat moyen est 8 sur 16
Statistiques - réponses
Par images Réponse % Correct
Heineken
99%
Desperados
93%
Corona
91%
Guinness
85%
Chouffe
77%
Leffe
66%
Carlsberg
57%
Stella Artois
57%
Jupiler
51%
Kasteel (Rouge)
46%
Duvel
41%
Chimay
36%
Maes
19%
Orval
11%
Gordon
10%
St. Bernardus
9%
Aucun quiz correspondant
Distribution des résultats
% des personnes avec chaque résultat
Percentile par nombre de réponses
Votre historique - résultats
Vous n’avez pas pris ce quiz